01158naa#a2200193#i#4500001001500000005001700015100004100032102000700073200027300080210016900353215001000522608006000532675017600592700003200768700003000800700005200830700006400882856001800946RU\\bibl\2028020260701141947.3##a20260630b2026####ek#y0rusy0150####ca##aRU1#aИССЛЕДОВАНИЕ ИНФОРМАЦИОННОЙ СИСТЕМЫ УПРАВЛЕНИЯ ДИСПЕТЧЕРСКИМИ ЗАЯВКАМИ ПРЕДПРИЯТИЯ ТЕПЛОЭНЕРГЕТИЧЕСКОГО КОМПЛЕКСАeСтатья/тезисы конференции1#aВоронежcВоронежский государственный лесотехнический университет имени Г.Ф. Морозоваd2026##a8 с.##aСтатья/тезисы конференции2local##aИнформационные технологии. Компьютерные технологии. Теория вычислительных машин и систем. 004#1aСлепченкоgВ. Ю.#1aСазоноваgС. А.#1aАсмининgВиктор Федорович#1aВолодкинgДмитрий Александрович4#abibl.vgltu.ru